XI. paralympijské hry 19.-29. októbra 2000

Bibliographic Details
Main Author: Kubiš, Pavol (Author)
Format: Article
Language:Slovak
Subjects:

MARC

LEADER 00000nab a2200000 a 4500
001 vtls000736662
003 SK-MaSNL
005 20260302193145.0
008 180206c2000 xo 0 slo
015 |a SNBRB2000/11-31440 
035 |a CLN000088529 
040 |a SNKBUCL  |b slo  |c SNKBUCL  |e AACR2 
041 0 |a slo 
044 |a xo  |c SK 
080 |a 796.032.2-056.25(100)  |2 UDC-MRF-SK2 
100 1 |a Kubiš, Pavol  |4 aut  |9 219206 
245 1 0 |a XI. paralympijské hry 19.-29. októbra 2000  |c Pavol Kubiš 
611 1 7 |a Paralympijské hry  |n (11. :  |d 2000 :  |c Sydney, Austrália)  |2 snkbucl  |9 907166 
650 0 7 |a šport zdravotne postihnutých  |2 snkbucl  |9 186656 
655 7 |a články z novín a časopisov  |2 snkbucl  |9 267496 
773 0 |t Šport  |g Roč. 54, č. 250 (30.10.2000), s. 25 
850 |a Slovenská národná knižnica v Martine 
852 |a SNK  |b KIS3GCP 
958 |a RBX 
999 |c 1443503  |d 1445433